Keresztyeni Felelet Monozloi Andras vesperini Püspök, es Posoni Praepost könyve ellen az mellyet irt, De Invocatione et Veneratione Sanctorum, az... az mint ö fordittya, Az Szentek hozzank valo segitsegekrül, valobá kedig, az mint egess irasabul megh tetzik, az Szenteknek segitsegekröl, segitsegül hivasokrol erdemes közbenjarasokrul, esedezesekrul, és ssossolasokrul két ressben osstattatot, es irattatot Gyarmathi Miklós Helmeczi lelki pasztor altal, az igasaghnak oltalmazasara, es az hamis tudomannak rontasara. Jerem: 17 Atkozot ferfi az ki emberben bizik. Deut: 6. Az te Uradat Istenedet imadgyad, es, egyedúl csak ö neki ssolgaly etc. Johan: 14. Senki nem megyen az Atyahoz, hanem csak en altalam

Bibliographic Details
Main Author: Gyarmathi, Miklós (Author)
Corporate Author: Rheda, Pál (Debrecín, Maďarsko) (Printer)
Other Authors: Rheda, Pál, zomrel 1619 (Printer)
Format: Book
Language:Hungarian
PhysicalDescription:16 nečíslovaných strán, 308 strán, 1 nečíslovaná strana 20,5 cm
Subjects:

MARC

LEADER 00000nam a2200000 4500
001 vtls008863660
003 SK-MaSNL
005 20260301022133.0
008 031216s1598 hu a f 00100 hun
015 |a SNKHF1598 
040 |a SNK  |b slo  |c SNK  |e rda 
041 0 |a hun 
044 |a hu  |c HU 
072 7 |a 27-1/-2  |x Kresťanská teológia. Dogmatická teológia  |2 konspekt 
072 7 |a 094  |x Staré tlače  |2 konspekt 
080 |a 27-285.4  |2 2011 
080 |a 094  |2 2011 
100 1 |a Gyarmathi, Miklós  |4 aut  |9 312254 
245 1 0 |a Keresztyeni Felelet Monozloi Andras vesperini Püspök, es Posoni Praepost könyve ellen  |b az mellyet irt, De Invocatione et Veneratione Sanctorum, az... az mint ö fordittya, Az Szentek hozzank valo segitsegekrül, valobá kedig, az mint egess irasabul megh tetzik, az Szenteknek segitsegekröl, segitsegül hivasokrol erdemes közbenjarasokrul, esedezesekrul, és ssossolasokrul két ressben osstattatot, es irattatot Gyarmathi Miklós Helmeczi lelki pasztor altal, az igasaghnak oltalmazasara, es az hamis tudomannak rontasara. Jerem: 17 Atkozot ferfi az ki emberben bizik. Deut: 6. Az te Uradat Istenedet imadgyad, es, egyedúl csak ö neki ssolgaly etc. Johan: 14. Senki nem megyen az Atyahoz, hanem csak en altalam 
264 3 |a Debreczenben nyomtattatot  |b Lipsiai Pal altal  |c 1598 eztendöben 
300 |a 16 nečíslovaných strán, 308 strán, 1 nečíslovaná strana  |c 20,5 cm 
336 |a text  |b txt  |2 rdacontent 
337 |a bez média  |b n  |2 rdamedia 
338 |a zväzok  |b nc  |2 rdacarrier 
500 |a Vinety, iniciálky s ornamentálnym pozadím vo voľnom priestore na 5-7 riadkov, kustody 
510 4 |a RMNy  |c 830 
546 |a Maďarský text  |b Antikva  |b Kurzíva 
561 |a Rukopisný provenienčný záznam na titulnom liste: Ex liberali munificentia Gen. D. And. Asst. accepit Mich. Surius Jan. 28 1603 - Maramarosien. - Johannis Kurivoczki - Johannis Kislozkij Nobills eg.  |5 SNK SD 11519 
562 |a Rukopisné poznámky v maďarčine, nesprávne zviazané niektoré zložky.  |5 SNK SD 11519 
563 |a Väzba: reštaurovaná.  |5 SNK SD 11519 
600 1 7 |a Monosloi, Ondrej,  |d 1552-1601  |2 SNKMA  |9 179224 
650 0 7 |a kresťanské polemiky  |2 SNKPH  |9 49878 
650 0 7 |a staré tlače  |2 SNKPH  |9 51683 
700 1 |a Kurivoczki, Johannes  |4 sgn  |9 312255 
700 1 |a Kislozki, Johannes  |4 sgn  |9 312256 
700 1 |a Surius, Michael  |4 sgn  |9 312257 
700 1 |a Rheda, Pál,  |d zomrel 1619  |4 prt  |9 312258 
710 0 |a Rheda, Pál (Debrecín, Maďarsko)  |4 prt  |9 312259 
752 |a Maďarsko  |d Debrecín 
852 |a snk  |b Historické knižničné fony  |p SD 11519 
958 |a DA 
958 |a ONDV 
999 |c 566921  |d 568851 
952 |t Slovaciká 16. stor.  |a SNK  |b SNK  |c SNK_HF  |y PREZ  |7 0  |p 17A0956322  |o snkSD 11519  |i snkF 568/76  |8 5  |0 0  |1 0  |4 0  |d 2020-12-03  |f 1  |l 0  |r 2026-02-23 14:01:35  |w 2026-02-23